000
00303nam a22001337a 4500
003
SGT
082
_a
615
_b
T16N
100
_a
NAND, PRATIBHA
245
_a
A TEXT BOOK OF HOSPITAL & CLINICAL PHARMACY
260
_a
DELHI
_b
BIRLA PUB
_c
2016
300
_a
528
650
_a
CLINICAL PHARMACY
942
_2
ddc
_c
BK
999
_c
8488
_d
8488